<?xml version="1.0" encoding="UTF-8"?>
<marc:record xmlns:marc="http://www.loc.gov/MARC21/slim">
   <marc:leader>00000nam a2200000 a 4500</marc:leader>
   <marc:datafield ind1="1" ind2=" " tag="100">
      <marc:subfield code="a">Laybourne, Emmy</marc:subfield>
      <marc:subfield code="4">aut</marc:subfield>
      <marc:subfield code="e">Verfasser/-in</marc:subfield>
   </marc:datafield>
   <marc:datafield ind1=" " ind2=" " tag="653">
      <marc:subfield code="a">Endzeitroman</marc:subfield>
   </marc:datafield>
   <marc:datafield ind1=" " ind2=" " tag="653">
      <marc:subfield code="a">Spannung</marc:subfield>
   </marc:datafield>
   <marc:datafield ind1=" " ind2=" " tag="653">
      <marc:subfield code="a">Dystopie</marc:subfield>
   </marc:datafield>
   <marc:datafield ind1=" " ind2=" " tag="653">
      <marc:subfield code="a">Naturkatastrophe</marc:subfield>
   </marc:datafield>
   <marc:datafield ind1="0" ind2="0" tag="245">
      <marc:subfield code="a">Monument 14</marc:subfield>
   </marc:datafield>
   <marc:datafield ind1="0" ind2="0" tag="245">
      <marc:subfield code="c">Emmy Laybourne. Aus dem Amerikan. von Ulrich Thiele</marc:subfield>
   </marc:datafield>
   <marc:datafield ind1=" " ind2="1" tag="264">
      <marc:subfield code="a">München</marc:subfield>
      <marc:subfield code="b">Heyne</marc:subfield>
      <marc:subfield code="c">2015</marc:subfield>
   </marc:datafield>
   <marc:datafield ind1="1" ind2=" " tag="520">
      <marc:subfield code="a">Angaben aus der Verlagsmeldung

Monument 14: Die Rettung : Roman Savage Drift / von Emmy Laybourne

Wenn du denkst, du bist in Sicherheit, fängt der Kampf erst an

Nachdem ein Tsunami die Ostküste der USA verwüstet hat, fi nden sich Dean und sein kleiner Bruder Alex in einer Welt wieder, in der nichts mehr ist, wie es einmal war. Gemeinsam mit anderen Jugendlichen gelingt es ihnen, sich in ein Flüchtlingslager in Kanada zu retten. Doch Zeit zum Atemholen bleibt ihnen nicht: Noch immer ist Josies Schicksal ungewiss, die sich mit ihnen aus dem Herzen des Sturms retten konnte und dann spurlos verschwand. Und auch Astrid, Deans Freundin, schwebt in Gefahr: Da sie während des Chemieunfalls, der sich kurz nach der Naturkatastrophe ereignete, schwanger war, zeigt die Regierung nun ein beunruhigendes Interesse an ihr. Astrid fürchtet um ihr Kind und fl ieht aus dem Flüchtlingslager, begleitet von Dean. Doch sie ahnen nicht, was sie draußen erwartet

</marc:subfield>
   </marc:datafield>
   <marc:datafield ind1=" " ind2=" " tag="020">
      <marc:subfield code="a">9783453534711</marc:subfield>
      <marc:subfield code="9">9783453534711</marc:subfield>
   </marc:datafield>
   <marc:datafield ind1=" " ind2=" " tag="020">
      <marc:subfield code="a">3453534719</marc:subfield>
      <marc:subfield code="9">3453534719</marc:subfield>
   </marc:datafield>
   <marc:datafield ind1=" " ind2=" " tag="041">
      <marc:subfield code="a">ger</marc:subfield>
   </marc:datafield>
   <marc:datafield ind1=" " ind2=" " tag="300">
      <marc:subfield code="a">383 S.</marc:subfield>
   </marc:datafield>
</marc:record>
